00579nam a22001937a 4500003000900000008004100009020002200050040007100072082002200143100001900165245003900184260003200223300004500255650001100300650001300311650001500324700001800339856002800357AR-CdUCM190430b ||||| |||| 00| 0 spa d a978-84-9825-070-1 aMUNICIPALIDAD PROVINCIAL DEL CUSCOcBIBLIOTECA MUNICIPAL DEL CUSCO aPI / 376.1 /bG35 aGeis, Patricia aBuenos Hábitos :b¡A curarse! / aBarcelona :bCombel,c2006. bIlustraciones, graficos, dibujosc18 cm. aCuento aHistoria aLiteratura aFolch, Sergio fwww.combeleditorial.com